UBT Library

CASE FILES PHARMACOLOGY (Record no. 60587)

000 -LEADER
fixed length control field 00333nam a22001457a 4500
008 - FIXED-LENGTH DATA ELEMENTS--GENERAL INFORMATION
fixed length control field 240206b ||||| |||| 00| 0 eng d
020 ## - INTERNATIONAL STANDARD BOOK NUMBER
International Standard Book Number 9780071445733
041 ## - LANGUAGE CODE
Language code of text/sound track or separate title eng
080 ## - UNIVERSAL DECIMAL CLASSIFICATION NUMBER
Edition identifier 2005
Universal Decimal Classification number 615
082 ## - DEWEY DECIMAL CLASSIFICATION NUMBER
Classification number 615TOY
100 ## - Rafti
Rafti 13
101 ## - Shkurtesa
Shkurtesa FARMAKOLOGJI
245 ## - TITLE STATEMENT
Title CASE FILES PHARMACOLOGY
Statement of responsibility, etc EUGENE.C.TOY
942 ## - ADDED ENTRY ELEMENTS (KOHA)
Source of classification or shelving scheme
Item type Books
Holdings
Withdrawn status Lost status Source of classification or shelving scheme Damaged status Not for loan Collection code Permanent location Current location Date acquired Total Checkouts Full call number Barcode Date last seen Price effective from Koha item type
          Koleksioni i përgjithshem UBT - Lipjan UBT - Lipjan 02/07/2024   615TOY 002-800070583 02/07/2024 02/07/2024 Books
UBT Library © 2015-2024. All rights reserved University Education for Business and Technology